Minecraft Items: Dyes by Grayscale Icon - Statistics

General Stats
  • This quiz has been taken 20 times
  • The average score is 12 of 16
Answer Stats
Picture Answer % Correct
Black
100%
Green
92%
White
92%
Yellow
92%
Blue
85%
Red
85%
Brown
77%
Cyan
69%
Gray
69%
Light Gray
69%
Lime
69%
Magenta
69%
Orange
69%
Pink
69%
Purple
69%
Light Blue
62%
No matching quizzes found
Score Distribution
Percent of People with Each Score
Percentile by Number Answered
Your Score History
You have not taken this quiz